Я с детства хотел играть: пер. с лит.

Podrobná bibliografie
Hlavní autor: Банионис Д. Донатас
Shrnutí:Донатас Банионис... Легендарный актер театра и кино. Его имя для большинства из нас олицетворяет эпоху расцвета советского кинематографа. Он снимался в культовых фильмах у культовых режиссеров: «Мертвый сезон» Саввы Кулиша, «Солярис» Андрея Тарковского, «Король Лир» Григория Козинцева, «Берегись автомобиля» Эльдара Рязанова, «Гойя» Конрада Вольфа, «Бетховен» Хорста Зеемана — таков неполный перечень фильмов с его участием. Партнерами Баниониса были такие популярные артисты, как Ролан Быков, Анатолий Папанов, Андрей Миронов, Иннокентий Смоктуновский, Вия Артмане... Но судьба великого актера — это не только триумфы, слава и любовь зрителей. В ней также есть разочарования, неудачи и горечь утраты. За свою долгую жизнь, а Банионис родился в 1924 году, он многое видел, пережил и решил поделиться мыслями с читателями. Издательство «ACT-ПРЕСС» предлагает вашему вниманию рассказ о своей жизни Донатаса Баниониса — удивительного человека и великого актера, талант которого получил любовь и признание во многих странах мира.
Jazyk:ruština
Vydáno: Москва, АСТ-Пресс Книга, 2006
Edice:Выдающиеся мастера
Témata:
Médium: MixedMaterials Kniha
KOHA link:https://koha.lib.tpu.ru/cgi-bin/koha/opac-detail.pl?biblionumber=103567

MARC

LEADER 00000nam0a2200000 4500
001 103567
005 20231031113706.0
010 |a 546200494X 
035 |a (RuTPU)RU\TPU\book\111661 
090 |a 103567 
100 |a 20061018d2006 km y0rusy50 ca 
101 1 |a rus  |c lit 
102 |a RU 
105 |a a z 000za 
200 1 |a Я с детства хотел играть  |e пер. с лит.  |f Д. Банионис 
210 |a Москва  |c АСТ-Пресс Книга  |d 2006 
215 |a 256 с.  |c ил. 
225 1 |a Выдающиеся мастера 
330 |a Донатас Банионис... Легендарный актер театра и кино. Его имя для большинства из нас олицетворяет эпоху расцвета советского кинематографа. Он снимался в культовых фильмах у культовых режиссеров: «Мертвый сезон» Саввы Кулиша, «Солярис» Андрея Тарковского, «Король Лир» Григория Козинцева, «Берегись автомобиля» Эльдара Рязанова, «Гойя» Конрада Вольфа, «Бетховен» Хорста Зеемана — таков неполный перечень фильмов с его участием. Партнерами Баниониса были такие популярные артисты, как Ролан Быков, Анатолий Папанов, Андрей Миронов, Иннокентий Смоктуновский, Вия Артмане... Но судьба великого актера — это не только триумфы, слава и любовь зрителей. В ней также есть разочарования, неудачи и горечь утраты. За свою долгую жизнь, а Банионис родился в 1924 году, он многое видел, пережил и решил поделиться мыслями с читателями. Издательство «ACT-ПРЕСС» предлагает вашему вниманию рассказ о своей жизни Донатаса Баниониса — удивительного человека и великого актера, талант которого получил любовь и признание во многих странах мира. 
600 1 |a Банионис  |b Д. Ю.  |c литовский актер театра и кино  |f 1924-  |g Донатас Юозович  |c Народный артист Литовской ССР  |2 stltpush  |3 (RuTPU)RU\TPU\pers\19445 
610 1 |a искусство 
610 1 |a театр 
610 1 |a кино 
610 1 |a актеры 
610 1 |a автобиографическая проза 
675 |a 792  |v 3 
675 |a 791.44.071  |v 3 
700 1 |a Банионис  |b Д.  |g Донатас 
801 1 |a RU  |b 63413507  |c 20061018  |g PSBO 
801 2 |a RU  |b 63413507  |c 20090429  |g PSBO 
942 |c BK 
959 |a 89/20061012  |d 1  |e 266,97  |f ХФ:1